000
00315nam a2200109Ia 4500
008
201231s9999 xx 000 0 und d
100
_a
Ahmad, Aiizuddin; Noni,Daniel and Sharma,H.N
245
0
_a
Demographic transition : The Third world scenario
260
_a
Jaipur
_b
Rawat Publications
300
_a
421
942
_c
BK
999
_c
9479
_d
9479